[Event "Berlin Eckbauer op 21st"]
[Site "Berlin"]
[Date "2018.11.26"]
[Round "7"]
[White "Scharkowski, Albrecht"]
[Black "Hackenberg, Ronald"]
[Result "1-0"]
[WhiteElo "1628"]
[BlackElo "1534"]
[PlyCount "37"]
[EventDate "2018.10.08"]
[EventType "swiss"]
[EventRounds "7"]
[EventCountry "GER"]
[SourceTitle "CBM 189 Extra"]
[Source "ChessBase"]
[SourceDate "2019.06.03"]
[SourceVersion "1"]
[SourceVersionDate "2019.06.03"]
[SourceQuality "1"]

1. d4 d6 2. e4 g6 3. Bf4 Bg7 4. Nf3 Nd7 5. c3 Ngf6 6. Bd3 c5 7. 0-0 cxd4 8. cxd4 Qb6 9. Qd2 h6 10. Nc3 g5 11. Be3 Ng4 12. Nd5 Qd8 13. Rac1 Kf8 14. Rc2 Nxe3 15. fxe3 e6 16. Nc3 g4 17. Ne1 Nf6 18. Qf2 e5 19. Nd5 1-0

[Event "Berlin Eckbauer op 21st"]
[Site "Berlin"]
[Date "2018.10.15"]
[Round "2"]
[White "Psiakowski, Volker"]
[Black "Hackenberg, Ronald"]
[Result "1-0"]
[WhiteElo "1597"]
[BlackElo "1534"]
[PlyCount "145"]
[EventDate "2018.10.08"]
[EventType "swiss"]
[EventRounds "7"]
[EventCountry "GER"]
[SourceTitle "CBM 189 Extra"]
[Source "ChessBase"]
[SourceDate "2019.06.03"]
[SourceVersion "1"]
[SourceVersionDate "2019.06.03"]
[SourceQuality "1"]

1. d4 g6 2. e4 Bg7 3. Nf3 d6 4. Be2 Nd7 5. Nc3 a6 6. 0-0 c5 7. d5 Ngf6 8. a4 b6 9. Be3 Ng4 10. Bd2 Nde5 11. Nxe5 Nxe5 12. f4 Nd7 13. Rb1 0-0 14. Bd3 Bd4+ 15. Kh1 e6 16. dxe6 fxe6 17. Ne2 Bg7 18. Bc3 Nf6 19. Ng3 Qc7 20. e5 dxe5 21. Bxe5 Qd7 22. Qe2 Bb7 23. Rbd1 Nd5 24. Bxg7 Kxg7 25. Qe5+ Kg8 26. c4 Nb4 27. Bxg6 Qe7 28. Nf5 Qf6 29. Qxf6 Rxf6 30. Nd6 Bxg2+ 31. Kxg2 Rxg6+ 32. Kf3 Nc2 33. Ne4 Nd4+ 34. Kf2 Rf8 35. Ke3 Kh8 36. Rg1 Rfg8 37. Rxg6 Rxg6 38. Rd2 Kg7 39. Nd6 Nf5+ 40. Ke4 Ne7 41. Ne8+ Kh6 42. Nc7 a5 43. Rd6 Nc8 44. Rxe6 Nd6+ 45. Kd5 Rxe6 46. Nxe6 Nf5 47. Kc6 Nd4+ 48. Kd5 Nf5 49. Ke5 Ne7 50. Kd6 Nf5+ 51. Kc6 Nd4+ 52. Kd5 Nf5 53. Ke4 Nd6+ 54. Kd3 Kg6 55. Nf8+ Kg7 56. Nd7 Nc8 57. Ke4 Kf7 58. Kd5 Ke7 59. Kc6 Ke6 60. Nxb6 Ne7+ 61. Kxc5 Kf5 62. Nd5 Nc8 63. Kb5 Nd6+ 64. Kc5 Ne4+ 65. Kd4 Nd6 66. c5 Nc8 67. c6 Nd6 68. c7 Ke6 69. Kc5 Nb7+ 70. Kc6 Nd6 71. Ne3 Nc8 72. Nc4 Ne7+ 73. Kb7 1-0

[Event "Berlin Eckbauer op 20th"]
[Site "Berlin"]
[Date "2017.10.23"]
[Round "3"]
[White "Bender, Sebastian1111"]
[Black "Hackenberg, Ronald"]
[Result "1-0"]
[WhiteElo "1881"]
[BlackElo "1575"]
[PlyCount "83"]
[EventDate "2017.10.09"]
[EventType "swiss"]
[EventRounds "7"]
[EventCountry "GER"]
[SourceTitle "CBM 189 Extra"]
[Source "ChessBase"]
[SourceDate "2019.06.03"]
[SourceVersion "1"]
[SourceVersionDate "2019.06.03"]
[SourceQuality "1"]

1. e4 g6 2. d4 Bg7 3. Nc3 c6 4. f4 d5 5. e5 Nh6 6. Nf3 Bg4 7. Be2 Qb6 8. Na4 Qa5+ 9. c3 e6 10. Nc5 Qc7 11. Be3 Bxf3 12. Bxf3 Nf5 13. Bf2 h5 14. a4 b6 15. Nd3 a5 16. 0-0 Nd7 17. Rc1 b5 18. b3 bxa4 19. bxa4 Nb6 20. Nc5 Bf8 21. Rb1 Bxc5 22. dxc5 Nd7 23. Qe2 Ke7 24. c4 Rab8 25. cxd5 cxd5 26. Rb5 Rb7 27. Rc1 Nb8 28. Rxb7 Qxb7 29. Qb5 Qa6 30. Be2 Qxb5 31. axb5 Rc8 32. c6 d4 33. Bd3 Ne3 34. Be1 Nd5 35. g3 a4 36. Rc4 Nb6 37. Rxd4 a3 38. Bb4+ Ke8 39. Bxa3 Nd5 40. Ra4 Nb6 41. Ra7 Rd8 42. Re7+ 1-0

[Event "Berlin-ch Seniors op 33rd"]
[Site "Berlin"]
[Date "2017.02.09"]
[Round "9"]
[White "Hackenberg, Ronald"]
[Black "Jiranek, Benno"]
[Result "1-0"]
[WhiteElo "1594"]
[BlackElo "1424"]
[PlyCount "67"]
[EventDate "2017.01.31"]
[EventType "swiss"]
[EventRounds "9"]
[EventCountry "GER"]
[SourceTitle "EXT 2019"]
[Source "ChessBase"]
[SourceDate "2018.10.10"]
[SourceVersion "1"]
[SourceVersionDate "2018.10.10"]
[SourceQuality "1"]

1. d4 d5 2. c4 e6 3. Nc3 Nf6 4. Nf3 Be7 5. cxd5 exd5 6. Qc2 g6 7. Bf4 Bf5 8. Qc1 0-0 9. Nb5 Bb4+ 10. Nd2 Bxd2+ 11. Qxd2 Na6 12. a3 Ne4 13. Qc1 c6 14. Nc3 Nf6 15. Bg3 Re8 16. e3 Nb8 17. Be2 Qd6 18. 0-0 Nbd7 19. b4 a6 20. Qb2 b6 21. Na4 Reb8 22. Bf4 Qf8 23. Bxb8 Qxb8 24. Rac1 Qb7 25. Rc3 Rc8 26. Rfc1 Ne4 27. Rb3 Qa7 28. Bd3 c5 29. Bxe4 Bxe4 30. dxc5 bxc5 31. bxc5 Nxc5 32. Nxc5 Qa8 33. Nxe4 Rxc1+ 34. Qxc1 1-0

[Event "Berlin-ch Seniors op 33rd"]
[Site "Berlin"]
[Date "2017.02.08"]
[Round "8"]
[White "Hirr, Rudi"]
[Black "Hackenberg, Ronald"]
[Result "1-0"]
[WhiteElo "1774"]
[BlackElo "1594"]
[PlyCount "103"]
[EventDate "2017.01.31"]
[EventType "swiss"]
[EventRounds "9"]
[EventCountry "GER"]
[SourceTitle "EXT 2019"]
[Source "ChessBase"]
[SourceDate "2018.10.10"]
[SourceVersion "1"]
[SourceVersionDate "2018.10.10"]
[SourceQuality "1"]

1. Nf3 d6 2. d4 Bg4 3. e4 Bxf3 4. Qxf3 Nd7 5. Bc4 Ngf6 6. 0-0 e5 7. Qb3 d5 8. exd5 Nb6 9. Bg5 Nxc4 10. Bxf6 gxf6 11. Qxc4 Bd6 12. Re1 Kf8 13. Nd2 f5 14. dxe5 Be7 15. Rad1 f6 16. Nf3 Qd7 17. e6 Qd6 18. Nh4 Qc5 19. Qxc5 Bxc5 20. Nxf5 Re8 21. a3 a5 22. c3 Rg8 23. b4 axb4 24. axb4 Bd6 25. Nxd6 cxd6 26. c4 Rg4 27. c5 Ke7 28. Rb1 Rd4 29. Red1 Rc4 30. cxd6+ Kxd6 31. Rd3 Rd8 32. g3 Ra8 33. Rd2 Ra4 34. Re1 Rc7 35. Re4 Ra8 36. Rf4 Rf8 37. g4 Rg8 38. h3 h5 39. f3 hxg4 40. hxg4 Rg6 41. Kf2 Rh6 42. Ke3 Rc3+ 43. Kd4 Rc1 44. Rf5 Ke7 45. g5 fxg5 46. Rf7+ Ke8 47. Rxb7 Rh4+ 48. Ke5 Re1+ 49. Kd6 Kf8 50. Rb8+ Kg7 51. e7 Rh6+ 52. Kd7 1-0

[Event "Berlin-ch Seniors op 33rd"]
[Site "Berlin"]
[Date "2017.02.07"]
[Round "7"]
[White "Bartonek, Rolf"]
[Black "Hackenberg, Ronald"]
[Result "1-0"]
[WhiteElo "1789"]
[BlackElo "1594"]
[PlyCount "59"]
[EventDate "2017.01.31"]
[EventType "swiss"]
[EventRounds "9"]
[EventCountry "GER"]
[SourceTitle "EXT 2019"]
[Source "ChessBase"]
[SourceDate "2018.10.10"]
[SourceVersion "1"]
[SourceVersionDate "2018.10.10"]
[SourceQuality "1"]

1. e4 g6 2. d4 Bg7 3. Nf3 d6 4. Bd3 a6 5. Be3 b5 6. c3 Nd7 7. Nbd2 e6 8. Qc2 Bb7 9. 0-0 Ne7 10. Nb3 Rc8 11. Qd2 h6 12. a4 c5 13. dxc5 dxc5 14. Bc2 c4 15. Nc1 Nf6 16. Qxd8+ Rxd8 17. axb5 axb5 18. Nd4 Bc6 19. f3 e5 20. Nxc6 Nxc6 21. Ra6 Rc8 22. Ne2 b4 23. Ba4 0-0 24. Bxc6 Rfd8 25. cxb4 Rd6 26. b5 Nd7 27. Bxd7 Rxd7 28. Nc3 Bf8 29. Nd5 Rb8 30. Nf6+ 1-0

[Event "Berlin Eckbauer op 19th"]
[Site "Berlin"]
[Date "2016.11.28"]
[Round "7"]
[White "Hackenberg, Ronald"]
[Black "Geist, Wolfgang"]
[Result "1/2-1/2"]
[WhiteElo "1594"]
[BlackElo "1425"]
[PlyCount "150"]
[EventDate "2016.10.10"]
[EventType "swiss"]
[EventRounds "7"]
[EventCountry "GER"]
[SourceTitle "EXT 2022"]
[Source "ChessBase"]
[SourceDate "2021.10.06"]
[SourceVersion "1"]
[SourceVersionDate "2021.10.06"]
[SourceQuality "1"]

1. d4 Nf6 2. c4 e5 3. dxe5 Ne4 4. Qc2 Bb4+ 5. Nd2 Bxd2+ 6. Bxd2 Nxd2 7. Qxd2 0-0 8. Nf3 Nc6 9. e3 Qe7 10. Qc3 Qb4 11. Rc1 Re8 12. Qxb4 Nxb4 13. a3 Nc6 14. Bd3 Nxe5 15. Nxe5 Rxe5 16. 0-0 d6 17. Rfe1 c6 18. f4 Re7 19. e4 Bd7 20. Bc2 Be8 21. Rcd1 Rd7 22. Rd3 Rad8 23. Rh3 h6 24. Bb3 Kf8 25. Rhe3 Re7 26. Rd1 Red7 27. Kf2 f6 28. g4 Bf7 29. Ba2 a6 30. b3 d5 31. Red3 d4 32. c5 a5 33. R1d2 g6 34. b4 axb4 35. axb4 Bxa2 36. Rxa2 Kf7 37. Ke2 h5 38. gxh5 gxh5 39. Rad2 h4 40. Rh3 Rh8 41. Kd3 Kg6 42. Kc4 Kh5 43. Rxd4 Rxd4+ 44. Kxd4 Rd8+ 45. Ke3 Kg4 46. Rf3 Ra8 47. h3+ Kh5 48. Kd4 Rd8+ 49. Kc4 Rg8 50. Kd3 Rd8+ 51. Ke2 Ra8 52. Rd3 Ra2+ 53. Kf3 Rh2 54. Rd8 Rxh3+ 55. Kg2 Rg3+ 56. Kh2 Kg4 57. Rg8+ Kf3 58. Rh8 Kxf4 59. Rxh4+ Rg4 60. Rh7 Kxe4 61. Rxb7 f5 62. Kh3 Rg6 63. Rd7 Rh6+ 64. Kg3 Rg6+ 65. Kf2 f4 66. Rd6 Rg3 67. Rxc6 Rf3+ 68. Ke2 Re3+ 69. Kf2 Rf3+ 70. Ke2 Re3+ 71. Kd2 Rb3 72. Rb6 f3 73. Re6+ Kd4 74. c6 Rxb4 75. c7 Rc4 1/2-1/2

[Event "Berlin Eckbauer op 19th"]
[Site "Berlin"]
[Date "2016.10.31"]
[Round "3"]
[White "Hackenberg, Ronald"]
[Black "Nuristani, Akbar"]
[Result "1-0"]
[WhiteElo "1594"]
[BlackElo "1796"]
[PlyCount "105"]
[EventDate "2016.10.10"]
[EventType "swiss"]
[EventRounds "7"]
[EventCountry "GER"]
[SourceTitle "EXT 2022"]
[Source "ChessBase"]
[SourceDate "2021.10.06"]
[SourceVersion "1"]
[SourceVersionDate "2021.10.06"]
[SourceQuality "1"]

1. d4 Nf6 2. c4 e5 3. dxe5 Ng4 4. Bf4 g5 5. Bg3 Nc6 6. Nf3 Bg7 7. e3 Ngxe5 8. Nxe5 Nxe5 9. Qd2 0-0 10. Nc3 d6 11. Be2 Be6 12. b3 Qe7 13. Rc1 f5 14. h4 g4 15. Nd5 Qf7 16. Nf4 Bd7 17. Qd5 Bc6 18. Qxf7+ Rxf7 19. Nd5 a5 20. a4 Re8 21. h5 Bh6 22. Bf4 Bxd5 23. cxd5 Bxf4 24. exf4 Nd3+ 25. Kd2 Nxc1 26. Rxc1 Kg7 27. Bb5 Re4 28. g3 Kh6 29. Bd3 Ree7 30. Rh1 Re8 31. Bb5 Re4 32. Bd3 Ree7 33. Kc3 Rf8 34. Kc4 c6 35. Kd4 Kg7 36. Rc1 c5+ 37. Kc4 Kf6 38. Kb5 Rfe8 39. Kxa5 Re1 40. Rc3 Rd1 41. Kb6 Re7 42. Bc4 Rd2 43. Re3 Rxf2 44. Rxe7 Kxe7 45. Kxb7 Rg2 46. a5 Rxg3 47. a6 Rg1 48. Bb5 g3 49. a7 Ra1 50. Ba4 g2 51. a8Q g1Q 52. Qe8+ Kf6 53. Qf8# 1-0

[Event "Berlin Eckbauer op 19th"]
[Site "Berlin"]
[Date "2016.10.10"]
[Round "1"]
[White "Grosse, Michael"]
[Black "Hackenberg, Ronald"]
[Result "1-0"]
[WhiteElo "1934"]
[BlackElo "1594"]
[PlyCount "37"]
[EventDate "2016.10.10"]
[EventType "swiss"]
[EventRounds "7"]
[EventCountry "GER"]
[SourceTitle "EXT 2022"]
[Source "ChessBase"]
[SourceDate "2021.10.06"]
[SourceVersion "1"]
[SourceVersionDate "2021.10.06"]
[SourceQuality "1"]

1. e4 g6 2. d4 Bg7 3. Nc3 d6 4. Be3 a6 5. Bc4 e6 6. Qd2 Nd7 7. 0-0-0 b5 8. Bb3 Bb7 9. f3 Rc8 10. d5 exd5 11. Bxd5 Bxd5 12. exd5 h5 13. Re1 Kf8 14. Ne4 Bh6 15. Bxh6+ Nxh6 16. Nh3 Nf5 17. Neg5 Nf6 18. Nf4 Kg7 19. Nge6+ 1-0

[Event "Berlin-ch Seniors op 32nd"]
[Site "Berlin"]
[Date "2016.01.29"]
[Round "4"]
[White "Walther, Lothar O"]
[Black "Hackenberg, Ronald"]
[Result "0-1"]
[WhiteElo "1470"]
[BlackElo "1608"]
[PlyCount "88"]
[EventDate "2016.01.26"]
[EventType "swiss"]
[EventRounds "9"]
[EventCountry "GER"]
[SourceTitle "EXT 2019"]
[Source "ChessBase"]
[SourceDate "2018.10.10"]
[SourceVersion "1"]
[SourceVersionDate "2018.10.10"]
[SourceQuality "1"]

1. d4 d6 2. c4 e5 3. Nc3 exd4 4. Qxd4 Nc6 5. Qd3 g6 6. e4 Bg7 7. Nf3 Nb4 8. Qd2 a5 9. a3 Na6 10. Be2 Nc5 11. Qc2 Ne7 12. 0-0 0-0 13. Be3 Ne6 14. Rad1 Nc6 15. c5 Ne5 16. cxd6 Nxf3+ 17. Bxf3 cxd6 18. Nd5 Ra6 19. Qb3 Nc5 20. Bxc5 dxc5 21. Nb4 Qb6 22. Be2 Ra8 23. Qc4 cxb4 24. axb4 Qxb4 25. b3 Be6 26. Qxb4 axb4 27. Rb1 Ra2 28. Bc4 Bxc4 29. bxc4 Bc3 30. Kh1 Rd8 31. g4 Rdd2 32. Kg2 Rd4 33. Kg3 Rxe4 34. h4 Rxc4 35. Rfd1 Rd2 36. Re1 Rdd4 37. Re8+ Kg7 38. Re7 Rxg4+ 39. Kf3 Rgf4+ 40. Ke2 Rfe4+ 41. Rxe4 Rxe4+ 42. Kd3 Rxh4 43. Ke2 Rh5 44. f4 Rb5 0-1

[Event "Berlin-ch Seniors op 31st"]
[Site "Berlin"]
[Date "2015.02.06"]
[Round "8"]
[White "Hirr, Rudi"]
[Black "Hackenberg, Ronald"]
[Result "1/2-1/2"]
[WhiteElo "1578"]
[BlackElo "1327"]
[PlyCount "44"]
[EventDate "2015.01.29"]
[EventType "swiss"]
[EventRounds "9"]
[EventCountry "GER"]
[SourceTitle "EXT 2018"]
[Source "ChessBase"]
[SourceDate "2017.10.13"]
[SourceVersion "1"]
[SourceVersionDate "2017.10.13"]
[SourceQuality "1"]

1. Nf3 d6 2. d4 Bg4 3. e4 Nd7 4. Nc3 c6 5. Bc4 e6 6. 0-0 Ngf6 7. Re1 Nb6 8. Bb3 Qc7 9. a4 a5 10. Bf4 e5 11. dxe5 Bxf3 12. Qxf3 dxe5 13. Bg5 Be7 14. Rad1 Nbd7 15. Rd2 0-0 16. Red1 Rad8 17. Ba2 Nc5 18. Bxf6 Rxd2 19. Rxd2 Bxf6 20. Qe3 Be7 21. Qf3 Bf6 22. Qe3 Be7 1/2-1/2

[Event "Berlin-ch Seniors op 31st"]
[Site "Berlin"]
[Date "2015.02.05"]
[Round "7"]
[White "Hackenberg, Ronald"]
[Black "Mackowiak, Manfred"]
[Result "1-0"]
[WhiteElo "1327"]
[BlackElo "1392"]
[PlyCount "101"]
[EventDate "2015.01.29"]
[EventType "swiss"]
[EventRounds "9"]
[EventCountry "GER"]
[SourceTitle "EXT 2018"]
[Source "ChessBase"]
[SourceDate "2017.10.13"]
[SourceVersion "1"]
[SourceVersionDate "2017.10.13"]
[SourceQuality "1"]

1. d4 d5 2. c4 dxc4 3. Nc3 e6 4. Nf3 Bb4 5. e3 Bxc3+ 6. bxc3 Nf6 7. Qa4+ Bd7 8. Qxc4 0-0 9. Qb3 b6 10. Ba3 Re8 11. Ne5 a6 12. Nxd7 Nbxd7 13. Be2 b5 14. Bf3 Rb8 15. Bc6 Rb6 16. Bf3 Qb8 17. 0-0 a5 18. c4 b4 19. Bb2 Ra6 20. c5 c6 21. Qd3 Qb7 22. Be2 Ra7 23. a4 Qc7 24. Rac1 Raa8 25. e4 Rad8 26. Qf3 h6 27. Rfd1 Nh7 28. h4 f6 29. Bc4 Kh8 30. Qg4 Ndf8 31. Rd3 Qf7 32. Rcd1 Qg6 33. Qf4 f5 34. Rg3 Qf6 35. Rd2 Ng6 36. Qc7 Qe7 37. Qxe7 Nxe7 38. d5 Rg8 39. d6 Nf6 40. Re2 Nc8 41. exf5 Nxd6 42. Bxe6 Rge8 43. cxd6 Rxd6 44. Bxf6 gxf6 45. Rg6 b3 46. Rb2 Rd1+ 47. Kh2 Red8 48. Rxb3 Rf8 49. Rxh6+ Kg7 50. Rg6+ Kh7 51. Rb7+ 1-0

[Event "Berlin-ch Seniors op 31st"]
[Site "Berlin"]
[Date "2015.02.02"]
[Round "4"]
[White "Windmueller, Werner"]
[Black "Hackenberg, Ronald"]
[Result "1-0"]
[WhiteElo "1580"]
[BlackElo "1327"]
[PlyCount "69"]
[EventDate "2015.01.29"]
[EventType "swiss"]
[EventRounds "9"]
[EventCountry "GER"]
[SourceTitle "EXT 2018"]
[Source "ChessBase"]
[SourceDate "2017.10.13"]
[SourceVersion "1"]
[SourceVersionDate "2017.10.13"]
[SourceQuality "1"]

1. d4 d6 2. c4 e5 3. d5 f5 4. Nc3 Nf6 5. e3 a5 6. Be2 Na6 7. a3 Bd7 8. b3 Be7 9. Bb2 0-0 10. h3 Nc5 11. Nf3 Qe8 12. a4 Qg6 13. Bf1 Nfe4 14. Qc2 Rae8 15. Na2 f4 16. Bc1 Bf5 17. Qd1 Bf6 18. Rg1 Ng5 19. Nh4 Bc2 20. Nxg6 Bxd1 21. Kxd1 hxg6 22. Rb1 Nge4 23. f3 Nf2+ 24. Kc2 e4 25. Bd2 fxe3 26. Bxe3 Nfd3 27. f4 Nb4+ 28. Nxb4 axb4 29. Be2 Bc3 30. g4 Nd7 31. g5 Rf7 32. Bg4 c6 33. Be6 Ref8 34. dxc6 bxc6 35. Rbd1 1-0

[Event "Berlin Eckbauer op 17th"]
[Site "Berlin"]
[Date "2014.11.24"]
[Round "7"]
[White "Hackenberg, Ronald"]
[Black "Wozniak, Konrad"]
[Result "1/2-1/2"]
[WhiteElo "1616"]
[BlackElo "1671"]
[PlyCount "69"]
[EventDate "2014.10.06"]
[EventType "swiss"]
[EventRounds "7"]
[EventCountry "GER"]
[SourceTitle "EXT 2022"]
[Source "ChessBase"]
[SourceDate "2021.10.06"]
[SourceVersion "1"]
[SourceVersionDate "2021.10.06"]
[SourceQuality "1"]

1. d4 Nf6 2. c4 d6 3. Nc3 g6 4. e4 Bg7 5. f4 0-0 6. Nf3 c5 7. d5 e6 8. Be2 exd5 9. cxd5 Re8 10. Nd2 a6 11. a4 Ng4 12. Bxg4 Qh4+ 13. g3 Qxg4 14. Qxg4 Bxg4 15. 0-0 f5 16. Kg2 Bxc3 17. bxc3 fxe4 18. Nc4 Be2 19. Nxd6 Bxf1+ 20. Kxf1 Re7 21. c4 Nd7 22. a5 Nf6 23. Be3 Rc7 24. Rb1 Rb8 25. h3 Ne8 26. Nxe8 Rxe8 27. Rb6 Kf7 28. g4 Rd8 29. g5 Re8 30. Rf6+ Kg8 31. d6 Rd7 32. Ke2 Red8 33. Re6 Rxd6 34. Rxe4 Rc8 35. Re7 1/2-1/2

[Event "Berlin Eckbauer op 17th"]
[Site "Berlin"]
[Date "2014.11.03"]
[Round "4"]
[White "Uebelhoede, Klaus"]
[Black "Hackenberg, Ronald"]
[Result "1/2-1/2"]
[WhiteElo "1082"]
[BlackElo "1616"]
[PlyCount "43"]
[EventDate "2014.10.06"]
[EventType "swiss"]
[EventRounds "7"]
[EventCountry "GER"]
[SourceTitle "EXT 2022"]
[Source "ChessBase"]
[SourceDate "2021.10.06"]
[SourceVersion "1"]
[SourceVersionDate "2021.10.06"]
[SourceQuality "1"]

1. e4 g6 2. d4 Bg7 3. Nf3 d6 4. Bd3 Nd7 5. Nc3 a6 6. Be3 b5 7. 0-0 Bb7 8. Nd2 c5 9. d5 Ngf6 10. f4 c4 11. Be2 Qc7 12. Qe1 Nc5 13. b3 b4 14. Na4 Nfxe4 15. Nxe4 Nxe4 16. Bb6 Qc8 17. Rd1 cxb3 18. cxb3 Nc3 19. Rc1 Nxe2+ 20. Qxe2 Qf5 21. Rc7 0-0 22. Rxb7 1/2-1/2

[Event "Berlin-ch Seniors op 30th"]
[Site "Berlin"]
[Date "2014.02.01"]
[Round "3"]
[White "Mackowiak, Manfred"]
[Black "Hackenberg, Ronald"]
[Result "1/2-1/2"]
[WhiteElo "1274"]
[BlackElo "1388"]
[PlyCount "95"]
[EventDate "2014.01.30"]
[EventType "swiss"]
[EventRounds "9"]
[EventCountry "GER"]
[SourceTitle "EXT 2018"]
[Source "ChessBase"]
[SourceDate "2017.10.13"]
[SourceVersion "1"]
[SourceVersionDate "2017.10.13"]
[SourceQuality "1"]

1. c4 g6 2. e4 Bg7 3. g3 c5 4. Bg2 Nc6 5. Nf3 d6 6. 0-0 Qb6 7. Nc3 Nf6 8. d3 Bg4 9. h3 Bxf3 10. Bxf3 Nd4 11. Rb1 0-0 12. Re1 Nd7 13. Nd5 Qd8 14. Bg2 e6 15. Ne3 Ne5 16. f4 Nec6 17. a3 Rc8 18. b4 Rc7 19. b5 Na5 20. Bd2 Rd7 21. Qa4 b6 22. Qd1 Nb7 23. a4 e5 24. Nd5 exf4 25. Bxf4 Ne6 26. Be3 Nc7 27. Nxc7 Qxc7 28. Kh2 Nd8 29. Qd2 Ne6 30. Bh6 Re8 31. Bxg7 Kxg7 32. Rf1 Rde7 33. Rf2 Nd4 34. Rbf1 f5 35. h4 fxe4 36. Bxe4 Ne6 37. Qe2 Rf8 38. Qg4 Rxf2+ 39. Rxf2 Rf7 40. Rxf7+ Qxf7 41. Bd5 Qf2+ 42. Kh3 Qf1+ 43. Bg2 Qe1 44. Qf3 Kh6 45. g4 Qe5 46. g5+ Kg7 47. Qg3 Qxg3+ 48. Kxg3 1/2-1/2

[Event "Berlin Eckbauer op 16th"]
[Site "Berlin"]
[Date "2013.11.18"]
[Round "7"]
[White "Hackenberg, Ronald"]
[Black "Roeckendorf, Uwe"]
[Result "1/2-1/2"]
[WhiteElo "1618"]
[BlackElo "1530"]
[PlyCount "108"]
[EventDate "2013.10.07"]
[EventType "swiss"]
[EventRounds "7"]
[EventCountry "GER"]
[SourceTitle "EXT 2022"]
[Source "ChessBase"]
[SourceDate "2021.10.06"]
[SourceVersion "1"]
[SourceVersionDate "2021.10.06"]
[SourceQuality "1"]

1. d4 Nf6 2. c4 e6 3. Nc3 d5 4. cxd5 exd5 5. Bg5 c6 6. e3 Be7 7. Bd3 h6 8. Bh4 Bg4 9. f3 Be6 10. Nge2 0-0 11. Bxf6 Bxf6 12. Qc2 Nd7 13. Ng3 Bh4 14. 0-0-0 Be7 15. Kb1 c5 16. Bf5 cxd4 17. exd4 Rc8 18. Bxe6 fxe6 19. Qb3 Qb6 20. Qa4 Nf6 21. Qb5 Rc6 22. Qxb6 Rxb6 23. Rc1 Rc8 24. Nge2 Bb4 25. Rc2 Bxc3 26. Rxc3 Rxc3 27. Nxc3 a6 28. Na4 Rb4 29. Nc5 Kf7 30. Nb3 b5 31. Rc1 Rc4 32. Rd1 Nd7 33. Na5 Rc7 34. Rc1 Rxc1+ 35. Kxc1 Kf6 36. Kd2 e5 37. Nc6 exd4 38. Nxd4 Ke5 39. Ke3 g6 40. f4+ Kf6 41. g4 Nc5 42. h4 Nd7 43. f5 Ne5 44. fxg6 Kxg6 45. Kf4 Nd3+ 46. Ke3 Nxb2 47. Nc6 Kf6 48. Kd4 Nc4 49. Nb4 a5 50. Nxd5+ Kf7 51. Kc5 Na3 52. Nc3 b4 53. Nb5 Nc2 54. Nd6+ Ke6 1/2-1/2

[Event "Berlin Eckbauer op 16th"]
[Site "Berlin"]
[Date "2013.11.11"]
[Round "6"]
[White "Hackenberg, Ronald"]
[Black "Wozniak, Konrad"]
[Result "0-1"]
[WhiteElo "1618"]
[BlackElo "1621"]
[PlyCount "51"]
[EventDate "2013.10.07"]
[EventType "swiss"]
[EventRounds "7"]
[EventCountry "GER"]
[SourceTitle "EXT 2022"]
[Source "ChessBase"]
[SourceDate "2021.10.06"]
[SourceVersion "1"]
[SourceVersionDate "2021.10.06"]
[SourceQuality "1"]

1. d4 Nf6 2. c4 g6 3. Nc3 Bg7 4. e4 d6 5. f4 0-0 6. Nf3 Na6 7. Be2 c5 8. d5 Nc7 9. 0-0 a6 10. a4 Rb8 11. Re1 Bd7 12. e5 Nfe8 13. Bd3 b5 14. axb5 axb5 15. cxb5 Nxb5 16. Qe2 Nec7 17. Nxb5 Bxb5 18. Ra2 dxe5 19. Bxb5 Rxb5 20. Nxe5 Bxe5 21. Qxe5 Qxd5 22. Ra7 Qxe5 23. Rxe5 Ne6 24. Rxe7 Nd4 25. Rc7 Ne6 26. f5 0-1

[Event "Berlin Eckbauer op 14th"]
[Site "Berlin"]
[Date "2011.11.07"]
[Round "4.34"]
[White "Hackenberg, Ronald"]
[Black "Lippianowski, Stefan"]
[Result "1-0"]
[WhiteElo "1673"]
[BlackElo "1256"]
[PlyCount "77"]
[EventDate "2011.10.17"]
[EventType "swiss"]
[EventRounds "7"]
[EventCountry "GER"]
[SourceTitle "EXT 2022"]
[Source "ChessBase"]
[SourceDate "2021.10.06"]
[SourceVersion "1"]
[SourceVersionDate "2021.10.06"]
[SourceQuality "1"]

1. d4 d5 2. e4 dxe4 3. Nc3 Nf6 4. f3 Bf5 5. g4 Be6 6. Bg5 Nd5 7. Nxe4 h6 8. Bh4 Ne3 9. Qd2 Nxf1 10. Kxf1 Nc6 11. Rd1 Bd5 12. Ne2 g5 13. Bg3 Qd7 14. N2c3 Bc4+ 15. Kg2 0-0-0 16. Nc5 Qe8 17. b3 Rxd4 18. Qe3 e5 19. N5e4 Rxd1 20. Rxd1 Be6 21. Nf6 Qe7 22. Nfd5 Qb4 23. Nxb4 Bxb4 24. Bxe5 Rh7 25. Nd5 Bd6 26. Bxd6 cxd6 27. Nf6 Rh8 28. Rxd6 Kc7 29. Rxe6 Rd8 30. Rxc6+ Kxc6 31. Qc3+ Kd6 32. Qd4+ Ke7 33. Qe5+ Kf8 34. Qc5+ Kg7 35. Nd5 Re8 36. Kf2 Kg6 37. Qd6+ Kg7 38. Qf6+ Kf8 39. Qh8# 1-0

[Event "Berlin-ch Seniors op 26th"]
[Site "Berlin"]
[Date "2010.02.15"]
[Round "7"]
[White "Lemnitz, Donald"]
[Black "Hackenberg, Ronald"]
[Result "0-1"]
[WhiteElo "1347"]
[BlackElo "1194"]
[PlyCount "75"]
[EventDate "2010.02.09"]
[EventType "swiss"]
[EventRounds "9"]
[EventCountry "GER"]
[SourceTitle "EXT 2012"]
[Source "ChessBase"]
[SourceDate "2011.11.24"]
[SourceVersion "1"]
[SourceVersionDate "2011.11.24"]
[SourceQuality "1"]

1. Nf3 Nf6 2. d4 g6 3. Bg5 Bg7 4. e3 c5 5. c3 0-0 6. Bd3 d5 7. 0-0 h6 8. Bf4 Qb6 9. b3 Nh5 10. Be5 Nf6 11. Nbd2 Nbd7 12. Bxf6 Bxf6 13. Qc2 Bg7 14. Rab1 Qd8 15. Rfe1 e6 16. e4 dxe4 17. Nxe4 cxd4 18. Nxd4 Nb6 19. Ne2 Nd5 20. a3 Bd7 21. Red1 Qe7 22. b4 Rfc8 23. c4 b6 24. Qb3 Nc7 25. Rbc1 Be5 26. g3 f5 27. Nd2 Bc6 28. b5 Bb7 29. Bc2 Bd6 30. Qe3 Kh7 31. a4 Bc5 32. Qc3 e5 33. Nf3 Re8 34. Rb1 e4 35. Nfd4 e3 36. f4 Rad8 37. Qb2 Rd6 38. Nb3 0-1

[Event "Berlin-ch Seniors op 26th"]
[Site "Berlin"]
[Date "2010.02.14"]
[Round "6"]
[White "Hackenberg, Ronald"]
[Black "Legler, Roland"]
[Result "0-1"]
[WhiteElo "1194"]
[BlackElo "1575"]
[PlyCount "56"]
[EventDate "2010.02.09"]
[EventType "swiss"]
[EventRounds "9"]
[EventCountry "GER"]
[SourceTitle "EXT 2012"]
[Source "ChessBase"]
[SourceDate "2011.11.24"]
[SourceVersion "1"]
[SourceVersionDate "2011.11.24"]
[SourceQuality "1"]

1. Nf3 Nf6 2. c4 e6 3. d4 b6 4. g3 Ba6 5. b3 Bb4+ 6. Bd2 Be7 7. Bg2 c6 8. 0-0 d5 9. Qc2 Bb7 10. Nc3 Nbd7 11. Bg5 h6 12. Bxf6 Bxf6 13. e3 Rc8 14. Rfc1 0-0 15. Nd2 Ba6 16. Qb2 Qe7 17. a3 dxc4 18. Nxc4 c5 19. Ne4 cxd4 20. Nxf6+ Qxf6 21. exd4 Bxc4 22. bxc4 Rfd8 23. Qd2 Nc5 24. Qc2 Rxd4 25. Bf1 Rcd8 26. Ra2 Ne4 27. Qe2 Rd2 28. Rxd2 Rxd2 0-1